|
|
|
|
| LEADER |
01227aam a22003498a 4500 |
| 001 |
000018239 |
| 003 |
14666 |
| 005 |
20130926140906.0 |
| 008 |
130925s2011 viesd |
| 020 |
|
|
|c 58000
|d 1000b
|
| 041 |
0 |
|
|a vie
|
| 082 |
1 |
4 |
|2 14
|a 895.92208
|b PH-V
|
| 084 |
|
|
|a V5(1)0-30
|b V115H
|
| 100 |
0 |
|
|a Phạm Tuấn Vũ
|
| 245 |
1 |
0 |
|a Về một số vấn đề tác giả tác phẩm văn chương
|c Phạm Tuấn Vũ
|
| 260 |
|
|
|a H.
|b Văn học
|b Trung tâm văn hóa ngôn ngữ Đông Tây
|c 2011
|
| 300 |
|
|
|a 305 tr.
|c 19 cm.
|
| 650 |
0 |
4 |
|2 Bộ TK TVQG
|a Văn học Việt Nam
|x Nghiên cứu
|x Tác giả
|
| 650 |
|
7 |
|2 Bộ TK TVQG
|
| 651 |
|
7 |
|2 Bộ TK TVQG
|a Việt Nam
|
| 653 |
|
|
|a Văn học Việt Nam
|
| 653 |
|
|
|a Tác giả tác phẩm
|
| OWN |
|
|
|a LSP
|
| AVA |
|
|
|a UDN50
|b LSP
|d 895.92208 PH-V
|e available
|t Error 5001 Not defined in file expand_doc_bib_avail.
|f 5
|g 0
|h N
|i 0
|k 1
|
| 999 |
|
|
|a From the UDN01
|
| AVA |
|
|
|a UDN50
|b LSP
|d 895.92208 PH-V
|e available
|t Error 5001 Not defined in file expand_doc_bib_avail.
|f 5
|g 0
|h N
|i 0
|k 1
|
| TYP |
|
|
|a Monograph
|
| TYP |
|
|
|a Printed language
|
| 980 |
|
|
|a Mạng thư viện Đại học Đà Nẵng
|